|
|
|
|
| LEADER |
00943nam a2200229 a 4500 |
| 001 |
13685316 |
| 008 |
101012s2006 maua b 001 0 eng d |
| 010 |
|
|
|a 2004019195
|
| 020 |
|
|
|a 9788177584257
|
| 020 |
|
|
|a 0321247442 (hardcover : alk. paper)
|
| 040 |
|
|
|a DLC
|c DLC
|d DLC
|d BD-DhAAL
|
| 082 |
0 |
0 |
|a 005.8
|2 22
|
| 100 |
1 |
|
|a Bishop, Matt
|q (Matthew A.)
|
| 245 |
1 |
0 |
|a Introduction to computer security /
|c Matt Bishop.
|
| 260 |
|
|
|a Boston :
|b Addison-Wesley ;
|a New Delhi :
|b Pearson Education/Dorling Kindersley (India),
|c c2006.
|
| 300 |
|
|
|a xxix, 585 p. :
|b ill. ;
|c 24 cm.
|
| 504 |
|
|
|a Includes bibliographical references and index.
|
| 541 |
1 |
|
|e 00021159
|
| 650 |
|
0 |
|a Computer security.
|
| 852 |
4 |
|
|a Ayesha Abed Library
|j General Shelf.
|
| 999 |
|
|
|c 9755
|d 9755
|
| 952 |
|
|
|0 0
|1 0
|2 ddc
|4 0
|6 005_800000000000000_BIS_2006
|7 0
|9 12424
|a BRACUL
|b BRACUL
|c GEN
|d 2010-10-13
|g 446.25
|l 8
|m 44
|o 005.8 BIS
|p 3010021159
|q 2026-01-13
|r 2025-05-23
|s 2025-05-23
|t 1
|w 2010-10-13
|y BK
|